000 00317nam a2200157Ia 4500
100 _aLuthans/ Fred
250 _a9
942 _cBK
654 _aorganisation
245 _aOrgaisational behaviour
260 _bMcGraw - Hill
_c2002
082 _a658.4
_bLUT
300 _a644
546 _aENGLISH
999 _c31119
_d31119